Piłkarz, siatkarz, koszykarz czy skoczek narciarski? #9 - Statystyki

Ogólne statystyki
  • Ten quiz został rozwiązany 61 razy
  • Średni wynik to 13 z 15
Statystyki odpowiedzi
Zagadnienie Odpowiedź % Poprawnych
Który sport uprawia Michael Jordan? Koszykówka
100%
Który sport uprawia Kevin De Bruyne? Piłka nożna
97%
Który sport uprawia Paweł Zatorski? Siatkówka
93%
Który sport uprawia Robert Johansson? Skoki narciarskie
93%
Który sport uprawia Pius Paschke? Skoki narciarskie
92%
Który sport uprawia Andrzej Stękała? Skoki narciarskie
90%
Który sport uprawia Stéphane Antiga? Siatkówka
88%
Który sport uprawia Mateusz Ponitka? Koszykówka
86%
Który sport uprawia Jayson Tatum? Koszykówka
85%
Który sport uprawia A.J. Slaughter? Koszykówka
83%
Który sport uprawia Serhou Guirassy? Piłka nożna
81%
Który sport uprawia Sandro Tonali? Piłka nożna
76%
Który sport uprawia Torey Defalco? Siatkówka
71%
Który sport uprawia Łukasz Żygadło? Siatkówka
68%
Który sport uprawia Daniel Pliński? Siatkówka
58%
Nie znaleziono quizów pasujących do podanych kryteriów
Rozkład punktacji
Procent ludzi z każdym wynikiem
Percentyl według liczby udzielonych odpowiedzi
Twoja historia wyników
Nie rozwiązałeś tego quizu